Générique Mirmo - Paroles - Statistiques

Statistiques générales
  • Ce quiz a été pris 5 fois
  • Le résultat moyen est 13 sur 16
Statistiques - réponses
Paroles % Correct
Avec leurs petits tours de {magie}
100%
Depuis que je l'ai {rencontré}
100%
Il occupe toutes mes {pensées}
100%
Ils sont là pour égayer nos {vies}
100%
Je mord dedans quand j'en ai {envie}
100%
Mirmo, Mirmo, {Mirmo}, Zibang !
100%
Mirmo, Mirmo, {Mirmo}, Zibang !
100%
On peut compter sur {eux}
100%
Pour qu'il m'{aime}
100%
Ce sont de vrais {amis}
80%
Si on a des {ennuis}
80%
Voyez comme je me {démène}
80%
Antoine est {arrivé}
60%
Ils sont {gentils}
60%
Moi je vois la vie comme une {sucrerie}
60%
Heureusement il y a les {Muglins}
20%
Aucun quiz correspondant
Distribution des résultats
% des personnes avec chaque résultat
Percentile par nombre de réponses
Votre historique - résultats
Vous n’avez pas pris ce quiz